Movies Quiz

Random Movies or Disney Quiz

Monsters, Inc. Play Quiz Stats

 Plays Quiz Updated Jan 30, 2018

Challenge
Share
Tweet
Embed
Score 0/12 Timer 01:00
0 Plays Today
% Correct
It
92%
That
91.4%
Me!
91.2%
So
90.1%
Thing
89.5%
Put
89.4%
Where
89.2%
Back
89.2%
Help
89.2%
or
88.4%
From
87.8%
Came
87.3%

You're not logged in!

Compare scores with friends on all Sporcle quizzes.
Join for Free
OR
Log In

You Might Also Like...

Show Comments

Extras

Top Quizzes Today


Score Distribution

Your Account Isn't Verified!

In order to create a playlist on Sporcle, you need to verify the email address you used during registration. Go to your Sporcle Settings to finish the process.

Report this User

Report this user for behavior that violates our Community Guidelines.

Details: